00484nam a2200157 i 4500001000300000100001900003245005500022260002100077040000800098041000800106942000700114008004100121999001700162856009800179952004900277bg1 aPAWŁOWSKI, Z. 0aZasady predykcji ekonometrycznej /cZ. Pawłowski. aWarszawa,c1982. cBPK apol cKS s pl f |000 0 pol  c21770d21770 uhttp://koha.tu.koszalin.pl/cgi-bin/koha/opac-detail.pl?biblionumber=21770yKatalog online BPK 00104070aBPKbBPKcwo30598p01258530yKS